000 004530000a22001570004500
041 0 _aENG
082 0 4 _aG 287.092 R782c
245 1 0 _aThe corn of wheat : The life story of Clara Leffingwell / Helen J. Root, Editor
260 _aWinona Lake, IN.,USA : Woman's Missionary Society
300 _a105 Pag
001 8834
942 _cBK
999 _c38948
_d38948
336 _atexto
_btxt
_2rdacontent
337 _2rdamedia
_asin mediación
_bn
338 _2rdacarrier
_avolumen
_bnc